000 00442nam a2200181Ia 4500
001 317
005 20260306140508.0
008 260306t2008||||xx |||||||||||||| ||spa||
041 _aESP
082 _a100
_bD67
100 _aPizzi, Jovino (Org.)
_eAUT
245 0 _aDiálogo crítico-educativo :
_bum debate filosófico
260 _c2008
300 _a208 páginas :
_c20 cm.
650 _aGEN
654 _aCHU
942 _cLIB
_dJUS
_fJUS
_2ddc
_n
999 _c317
_d317